[Event "Krk (Women)"]
[Site "Krk"]
[Date "2004.08.28"]
[Round "3"]
[White "Bazaj Bockai, Snjezana"]
[Black "Theissl Pokorna, Regina"]
[Result "0-1"]
[WhiteElo "2161"]
[BlackElo "2372"]
[PlyCount "78"]
[EventDate "2004.08.26"]
[EventType "tourn"]
[EventRounds "9"]
[EventCountry "CRO"]
[EventCategory "1"]
[SourceTitle "CBM 102 Extra"]
[Source "ChessBase"]
[SourceDate "2004.11.03"]
[SourceVersion "1"]
[SourceVersionDate "2004.11.03"]
[SourceQuality "1"]

1. e4 e5 2. d4 exd4 3. Qxd4 Nc6 4. Qe3 Nf6 5. Nc3 Bb4 6. Bd2 0-0 7. 0-0-0 Re8 8. Qg3 Rxe4 9. a3 Bd6 10. f4 Re8 11. Bd3 Bf8 12. Nf3 d6 13. f5 Ne5 14. Nxe5 Rxe5 15. Rhf1 c6 16. Qf3 d5 17. g4 Nd7 18. Rde1 Rxe1+ 19. Rxe1 Nc5 20. Bf1 Bd7 21. g5 a5 22. h4 b5 23. h5 b4 24. Nb1 Ne4 25. Rxe4 dxe4 26. Qxe4 Qe7 27. Qf3 Qe5 28. Bd3 Bd6 29. g6 fxg6 30. hxg6 h6 31. Bc4+ Kh8 32. Qh1 Bf8 33. Bd3 Re8 34. Qf1 Be7 35. axb4 axb4 36. c3 Bf6 37. Kc2 c5 38. Qh3 c4 39. Bxh6 b3+ 0-1

[Event "CRO-chT (Women)"]
[Site "Rabac"]
[Date "2003.09.15"]
[Round "9"]
[White "Bazaj Bockai, Snjezana"]
[Black "Cosma, Elena Luminita"]
[Result "1/2-1/2"]
[WhiteElo "2153"]
[BlackElo "2440"]
[PlyCount "62"]
[EventDate "2003.09.07"]
[EventType "team"]
[EventRounds "9"]
[EventCountry "CRO"]
[SourceTitle "CBM 096 Extra"]
[Source "ChessBase"]
[SourceDate "2003.10.22"]
[SourceVersion "2"]
[SourceVersionDate "2003.10.20"]
[SourceQuality "1"]

1. e4 c5 2. Nf3 Nc6 3. d4 cxd4 4. Nxd4 Qc7 5. Nc3 e6 6. Be2 a6 7. 0-0 Bc5 8. Be3 Nce7 9. Qd2 Nf6 10. Nb3 Bxe3 11. Qxe3 0-0 12. e5 Nfd5 13. Nxd5 Nxd5 14. Qe4 f5 15. exf6 Nxf6 16. Qd3 b6 17. Bf3 Bb7 18. Nd4 Rac8 19. Bxb7 Qxb7 20. Rad1 Rc5 21. f4 b5 22. Qb3 Qb6 23. Kh1 Rd5 24. c3 Ng4 25. Rd3 Qd6 26. Rdf3 Nf6 27. h3 Nh5 28. g3 b4 29. Rd3 bxc3 30. bxc3 Nf6 31. Rfd1 Qc7 1/2-1/2